[Event "Olimpiade 2014 - Open"]
[Site "Tromsø"]
[Date "04.08.2014"]
[Round "3.20"]
[Board "3"]
[White "Korobov, Anton"]
[Black "Torre, Eugenio"]
[Result "1/2-1/2"]
[WhiteTitle "GM"]
[BlackTitle "GM"]
[WhiteElo "2680"]
[BlackElo "2438"]
[WhiteTeam "Ukraine"]
[BlackTeam "Philippines"]
[WhiteFideId "14105730"]
[BlackFideId "5200016"]
[EventDate "2014.08.02"]

1. d4 Nf6 2. c4 e6 3. Nc3 Bb4 4. Qc2 d6 5. Bg5 Nbd7 6. e3 c6 7. Bd3 Qa5 8. Bh4
Bxc3+ 9. bxc3 b6 10. Ne2 Ba6 11. e4 b5 12. cxb5 Bxb5 13. O-O Bxd3 14. Qxd3 O-O
15. c4 Rab8 16. Bg3 e5 17. c5 d5 18. exd5 Nxd5 19. Bxe5 Nxe5 20. dxe5 Qxc5 21.
Rac1 Qa5 22. a3 Ne7 23. Qg3 Rb2 24. Nd4 Ra2 25. e6 Qxa3 26. Qc7 h6 27. Rb1 Qc5
28. Rb8 Qxd4 29. Rxf8+ Kxf8 30. Qb8+ Nc8 31. Qxc8+ Ke7 32. exf7 Kxf7 33. Qxc6
Ra1 34. g3 a5 35. Qc7+ Kg8 36. Qc8+ Kh7 37. Qf5+ Kh8 38. Qc8+ Kh7 39. Qf5+ 1/2-1/2

[Event "Olimpiade 2014 - Open"]
[Site "Tromsø"]
[Date "04.08.2014"]
[Round "3.20"]
[Board "4"]
[White "Bersamina, Paulo"]
[Black "Moiseenko, Alexander"]
[Result "0-1"]
[WhiteTitle "FM"]
[BlackTitle "GM"]
[WhiteElo "2363"]
[BlackElo "2707"]
[WhiteTeam "Philippines"]
[BlackTeam "Ukraine"]
[WhiteFideId "5206995"]
[BlackFideId "14102560"]
[EventDate "2014.08.02"]

1. d4 Nf6 2. c4 e6 3. Nc3 Bb4 4. e3 b6 5. Ne2 Ne4 6. Bd2 Nxd2 7. Qxd2 O-O 8. a3
Be7 9. g3 Ba6 10. b3 d5 11. cxd5 exd5 12. Nf4 Bxf1 13. Kxf1 c6 14. Kg2 Nd7 15.
Rhc1 Re8 16. Qd3 Bd6 17. Nce2 Rc8 18. Rc2 a5 19. a4 Nf6 20. Rac1 Ba3 21. Ra1 Bb4
22. Rac1 Ba3 23. Ra1 Bb4 24. Rac1 c5 25. dxc5 bxc5 26. Rd1 Qe7 27. Kg1 g5 28.
Ng2 Qe6 29. Nc3 Rcd8 30. Na2 c4 31. bxc4 dxc4 32. Qxd8 Rxd8 33. Rxd8+ Kg7 34.
Rd4 c3 35. Ne1 Qb3 36. Kf1 Qxa4 37. Ke2 Qb3 38. Nc1 Qe6 39. Ned3 Nd5 40. Na2 Be7
41. e4 Nb4 42. Naxb4 axb4 43. f3 Qb6 44. Rd7 b3 45. Rxc3 b2 0-1

[Event "Olimpiade 2014 - Open"]
[Site "Tromsø"]
[Date "04.08.2014"]
[Round "3.21"]
[Board "1"]
[White "Predojevic, Borki"]
[Black "Urkedal, Frode"]
[Result "1/2-1/2"]
[WhiteTitle "GM"]
[BlackTitle "IM"]
[WhiteElo "2604"]
[BlackElo "2500"]
[WhiteTeam "Bosnia & Herzegovina"]
[BlackTeam "Norway 2"]
[WhiteFideId "930849"]
[BlackFideId "1506102"]
[EventDate "2014.08.02"]

1. Nf3 Nf6 2. c4 c5 3. g3 b6 4. Bg2 Bb7 5. O-O g6 6. Nc3 Bg7 7. d4 cxd4 8. Qxd4
d6 9. Rd1 Nbd7 10. Be3 Rc8 11. Rac1 O-O 12. Qh4 a6 13. b3 Rc7 14. Bh3 Re8 15. g4
Qa8 16. g5 Ne4 17. Na4 Nec5 18. Bxd7 Nxd7 19. Nxb6 Nxb6 20. Bxb6 Rcc8 21. Qg3 a5
22. Bd4 e5 23. Ba1 a4 24. Nd2 axb3 25. axb3 d5 26. cxd5 Bxd5 27. Qe3 Qa6 28. Ne4
Rxc1 29. Rxc1 Qe6 30. f3 Bxe4 31. Qxe4 1/2-1/2

[Event "Olimpiade 2014 - Open"]
[Site "Tromsø"]
[Date "04.08.2014"]
[Round "3.21"]
[Board "2"]
[White "Elsness, Frode"]
[Black "Dizdarevic, Emir"]
[Result "0-1"]
[WhiteTitle "IM"]
[BlackTitle "GM"]
[WhiteElo "2477"]
[BlackElo "2522"]
[WhiteTeam "Norway 2"]
[BlackTeam "Bosnia & Herzegovina"]
[WhiteFideId "1501100"]
[BlackFideId "14400049"]
[EventDate "2014.08.02"]

1. d4 d5 2. c4 e6 3. Nf3 dxc4 4. e3 a6 5. Bxc4 c5 6. O-O b5 7. Bd3 Bb7 8. a4 b4
9. e4 cxd4 10. Nxd4 Nd7 11. Nb3 Ngf6 12. Qe2 Bd6 13. Bg5 h6 14. Bh4 Ne5 15. Bc2
Ng6 16. Bg3 Bxg3 17. hxg3 O-O 18. N1d2 a5 19. Nc5 Qc7 20. Ndb3 Rfc8 21. Bd3 Nf8
22. Rfc1 Qb6 23. Nxb7 Qxb7 24. Rxc8 Qxc8 25. Rc1 Qd7 26. Bb5 Qd8 27. Bc6 Ra7 28.
Qd2 Qb8 29. Rc5 Qb6 30. Qe3 Ng4 31. Qd4 e5 32. Qd1 Nxf2 33. Qc2 Ng4 34. Qe2 Ne6
35. Qb5 Qc7 36. Rd5 Qe7 37. Nd2 Kh7 38. Qd3 Rc7 39. Bb5 Rc1+ 40. Nf1 Qa7+ 0-1

[Event "Olimpiade 2014 - Open"]
[Site "Tromsø"]
[Date "04.08.2014"]
[Round "3.21"]
[Board "3"]
[White "Stojanovic, Dalibor"]
[Black "Tari, Aryan"]
[Result "1/2-1/2"]
[WhiteTitle "GM"]
[BlackTitle "IM"]
[WhiteElo "2503"]
[BlackElo "2440"]
[WhiteTeam "Bosnia & Herzegovina"]
[BlackTeam "Norway 2"]
[WhiteFideId "922692"]
[BlackFideId "1510045"]
[EventDate "2014.08.02"]

1. e4 c5 2. Nf3 e6 3. d4 cxd4 4. Nxd4 a6 5. Bd3 Nf6 6. O-O Qc7 7. Qe2 d6 8. c4
g6 9. Nc3 Bg7 10. Nf3 O-O 11. h3 Nc6 12. Bf4 Nd7 13. Rac1 Nde5 14. Be3 Bd7 15.
Nxe5 Nxe5 16. f4 Nxd3 17. Qxd3 Rac8 18. Rfd1 Bc6 19. Bd4 Bh6 20. Be3 Bg7 21.
Qxd6 Qxd6 22. Rxd6 Bxc3 23. Rxc3 Bxe4 24. Bb6 Rc6 25. c5 Re8 26. Re3 f5 27. b4
e5 28. fxe5 Rxe5 29. Rd7 Rce6 30. Bc7 Re7 31. Rxe7 Rxe7 32. Bd6 1/2-1/2

[Event "Olimpiade 2014 - Open"]
[Site "Tromsø"]
[Date "04.08.2014"]
[Round "3.21"]
[Board "4"]
[White "Salomon, Johan"]
[Black "Kadric, Denis"]
[Result "1-0"]
[BlackTitle "IM"]
[WhiteElo "2353"]
[BlackElo "2473"]
[WhiteTeam "Norway 2"]
[BlackTeam "Bosnia & Herzegovina"]
[WhiteFideId "1509500"]
[BlackFideId "14403803"]
[EventDate "2014.08.02"]

1. d4 d6 2. Nf3 g6 3. e4 Nf6 4. Bd3 Bg7 5. O-O O-O 6. c3 Nc6 7. Re1 e5 8. Na3
Bg4 9. Nc2 Nh5 10. Be2 Nf4 11. Bxf4 exf4 12. Qd2 g5 13. h4 Bxf3 14. Bxf3 Ne7 15.
Rad1 c6 16. Bg4 Kh8 17. Re2 f6 18. Qd3 Qe8 19. Qh3 Ng8 20. hxg5 fxg5 21. e5 d5
22. Ne1 Nh6 23. Nf3 Nxg4 24. Qxg4 h6 25. Rde1 Qe7 26. g3 Rae8 27. e6 Kg8 28. Kg2
a6 29. Qh3 Rf6 30. Nh2 Ref8 31. gxf4 gxf4 32. Kh1 Rg6 33. Nf3 Kh7 34. Rg1 Rxg1+
35. Kxg1 Qf6 36. e7 Qg6+ 37. Kh2 Re8 38. Re6 Qc2 39. Kg2 Bf6 40. Rxf6 Rg8+ 41.
Kh1 1-0

[Event "Olimpiade 2014 - Open"]
[Site "Tromsø"]
[Date "04.08.2014"]
[Round "3.22"]
[Board "2"]
[White "Svetushkin, Dmitry"]
[Black "Cordova, Emilio"]
[Result "1-0"]
[WhiteTitle "GM"]
[BlackTitle "GM"]
[WhiteElo "2547"]
[BlackElo "2629"]
[WhiteTeam "Moldova"]
[BlackTeam "Peru"]
[WhiteFideId "13900463"]
[BlackFideId "3801497"]
[EventDate "2014.08.02"]

1. e4 e6 2. d4 d5 3. Nc3 Nf6 4. e5 Nfd7 5. f4 c5 6. Nf3 Nc6 7. Be3 Be7 8. a3 b6
9. Bd3 Bb7 10. O-O g6 11. Qe1 a6 12. Nd1 Qc7 13. c3 Na5 14. Bf2 cxd4 15. Nxd4
Nc5 16. Bc2 Ne4 17. Bh4 Bxh4 18. Qxh4 Nc4 19. Bxe4 dxe4 20. Re1 b5 21. Nf2 Qe7
22. Qxe7+ Kxe7 23. b3 e3 24. Nd3 Nb6 25. Nc5 Bd5 26. Rxe3 Rhc8 27. b4 Nd7 28.
Nxd7 Kxd7 29. Kf2 Rc4 30. g3 Rac8 31. Ne2 a5 32. Nd4 Rxc3 33. Rxc3 Rxc3 34. bxa5
Bc4 35. a6 Kc8 36. Nc6 Bb3 37. Na7+ Kb8 38. Nxb5 Rc2+ 39. Ke3 Ba4 40. Rb1 Ka8
41. Nd4 Rc3+ 42. Kd2 Rxa3 43. Rb7 1-0

[Event "Olimpiade 2014 - Open"]
[Site "Tromsø"]
[Date "04.08.2014"]
[Round "3.22"]
[Board "3"]
[White "Cori, Jorge"]
[Black "Hamitevici, Vladimir"]
[Result "1/2-1/2"]
[WhiteTitle "GM"]
[BlackTitle "IM"]
[WhiteElo "2630"]
[BlackElo "2467"]
[WhiteTeam "Peru"]
[BlackTeam "Moldova"]
[WhiteFideId "3802272"]
[BlackFideId "13902393"]
[EventDate "2014.08.02"]

1. g3 c5 2. Bg2 g6 3. e4 Bg7 4. Ne2 Nc6 5. O-O e6 6. d3 Nge7 7. Nd2 O-O 8. f4 d6
9. Nf3 b6 10. c3 Ba6 11. Rb1 Qd7 12. b4 Nd8 13. Be3 Rc8 14. a4 f5 15. b5 Bb7 16.
Nd2 Nf7 17. Qb3 fxe4 18. dxe4 d5 19. Rbd1 Rcd8 20. Bf2 Qc7 21. e5 g5 22. Nf3 g4
23. Nh4 h5 24. f5 Bxe5 25. Be3 exf5 26. Nxf5 Ng6 27. Bxd5 Bxd5 28. Rxd5 c4 29.
Qd1 Kh7 30. Rxd8 Qxd8 31. Qxd8 Nxd8 32. Ned4 Bc7 33. Bg5 Ne5 34. Bxd8 Bxd8 35.
Kg2 Rf6 36. Ne3 Kg6 37. Rxf6+ Kxf6 38. Nd5+ Kf7 39. Nc6 Bf6 40. Nxa7 Nd7 41. Nc8
Bd8 42. Kf2 Ke6 43. Nf4+ Ke5 44. Ke2 Nc5 45. Na7 Ke4 46. Nc6 Bf6 47. a5 bxa5 48.
Nxa5 Na4 49. Kf1 Nb6 50. Ke2 Bxc3 51. Nc6 h4 52. Ng2 hxg3 53. hxg3 Bd4 54. Nxd4
Kxd4 55. Ne3 Kc5 1/2-1/2

[Event "Olimpiade 2014 - Open"]
[Site "Tromsø"]
[Date "04.08.2014"]
[Round "3.22"]
[Board "4"]
[White "Cerbulenco, Liviu"]
[Black "Cruz, Cristhian"]
[Result "0-1"]
[BlackTitle "GM"]
[WhiteElo "2203"]
[BlackElo "2553"]
[WhiteTeam "Moldova"]
[BlackTeam "Peru"]
[WhiteFideId "13904906"]
[BlackFideId "3801969"]
[EventDate "2014.08.02"]

1. e4 c5 2. Nf3 e6 3. d4 cxd4 4. Nxd4 Nc6 5. Nc3 Qc7 6. Be2 a6 7. O-O Nf6 8. Be3
Bb4 9. Na4 Be7 10. Nxc6 bxc6 11. Bb6 Qb8 12. Be3 Qc7 13. Bb6 Qf4 14. Bd3 d5 15.
Be3 Qc7 16. Nb6 Rb8 17. Nxc8 Qxc8 18. exd5 cxd5 19. c4 O-O 20. Rc1 Qb7 21. Bd4
Rfd8 22. Qe2 a5 23. Rfd1 dxc4 24. Rxc4 Rd7 25. Bc3 Rd5 26. Rc1 Qd7 27. Bc2 g6
28. Bb3 Ne8 29. Re4 Rd6 30. Bxa5 Bg5 31. Rf1 Bd2 32. Ba4 Qb7 33. Bxd2 Rxd2 34.
Qxd2 Qxe4 35. Bb3 Nf6 36. Re1 Qf5 37. Qd4 Rb5 38. Bc4 Rb7 39. Bd3 Qa5 40. Rc1
Qd2 41. Rb1 Nd5 42. Qc4 Rxb2 43. Rxb2 Qxb2 44. a4 Nb6 45. Qa6 Qa1+ 46. Bf1 Nxa4
47. Qa7 Kg7 48. g3 Qd1 49. Qe3 Qd6 50. h4 h6 51. Bg2 Nc5 52. Bf3 e5 53. Kf1 Ne6
54. Qa7 Nc5 55. Qa8 Qd3+ 56. Be2 Qd4 57. Qf3 Ne4 58. Kg2 f5 59. h5 Qc3 60. hxg6
Qxf3+ 61. Bxf3 Ng5 62. Bd5 e4 63. Kf1 Kxg6 64. Ke2 Kf6 65. Ke3 Nf3 66. Kf4 Ne5
67. Bb7 h5 68. Ba8 Ng4 69. Bc6 Nxf2 70. Be8 Nd3+ 71. Ke3 Kg5 72. Ba4 Kg4 73. Bd7
Ne5 74. Be6 Nf3 75. Bd7 Ng5 76. Bc8 Kxg3 77. Bxf5 h4 78. Bd7 h3 0-1

[Event "Olimpiade 2014 - Open"]
[Site "Tromsø"]
[Date "04.08.2014"]
[Round "3.23"]
[Board "1"]
[White "Ladva, Ottomar"]
[Black "Gonzalez Zamora, Juan Carlos"]
[Result "1-0"]
[WhiteTitle "FM"]
[BlackTitle "GM"]
[WhiteElo "2387"]
[BlackElo "2544"]
[WhiteTeam "Estonia"]
[BlackTeam "Mexico"]
[WhiteFideId "4500024"]
[BlackFideId "3507548"]
[EventDate "2014.08.02"]

1. d4 Nf6 2. c4 c5 3. d5 a6 4. Nf3 b5 5. Nbd2 d6 6. e4 g6 7. Bd3 Bg7 8. O-O O-O
9. h3 b4 10. Nb3 Nfd7 11. a4 a5 12. Qc2 Nb6 13. Ra2 Bd7 14. Nbd2 e5 15. dxe6
Bxe6 16. b3 Nc6 17. Bb2 Nd7 18. Bxg7 Kxg7 19. Ne1 g5 20. Qd1 Nde5 21. Be2 Ra7
22. Ndf3 Ng6 23. Rd2 Rd7 24. Nh2 Nf4 25. Bg4 Qe7 26. Nc2 Bxg4 27. Qxg4 Kh8 28.
g3 Ng6 29. Nf3 Nce5 30. Nxe5 Nxe5 31. Qf5 Qe6 32. Kg2 Qxf5 33. exf5 Kg7 34. f4
gxf4 35. Rxf4 f6 36. Ne3 Nc6 37. Nd5 Re8 38. Rg4+ Kf7 39. Rh4 Kg7 40. Rxh7+ Kxh7
41. Nxf6+ Kh8 42. Nxe8 Nd4 43. Rd3 Nxf5 44. g4 Nd4 45. Re3 Nc2 46. Re6 Nd4 47.
Rh6+ Rh7 48. Rg6 Rf7 49. Nf6 Rf8 50. g5 Nxb3 51. Kg3 Nd4 52. Kg4 b3 53. h4 Rxf6
54. gxf6 Nc6 55. Kf5 Nd4+ 56. Ke4 b2 57. Rg1 Ne2 58. f7 b1=Q+ 59. Rxb1 Kg7 60.
Rb7 Nc3+ 1-0

[Event "Olimpiade 2014 - Open"]
[Site "Tromsø"]
[Date "04.08.2014"]
[Round "3.23"]
[Board "2"]
[White "Leon Hoyos, Manuel"]
[Black "Seeman, Tarvo"]
[Result "1-0"]
[WhiteTitle "GM"]
[BlackTitle "IM"]
[WhiteElo "2517"]
[BlackElo "2392"]
[WhiteTeam "Mexico"]
[BlackTeam "Estonia"]
[WhiteFideId "5105269"]
[BlackFideId "4500547"]
[EventDate "2014.08.02"]

1. e4 c5 2. Nf3 Nc6 3. d4 cxd4 4. Nxd4 Qb6 5. Nb3 Nf6 6. Nc3 e6 7. Qe2 Bb4 8.
Bd2 O-O 9. a3 Be7 10. g3 d5 11. Bg2 d4 12. Na4 Qc7 13. Nac5 b6 14. Na6 Qd7 15.
Nb4 Bb7 16. Nd3 Rad8 17. O-O Qc8 18. Rac1 Ba6 19. Qd1 Nd7 20. Re1 Nde5 21. Bf1
Nc4 22. e5 Nxd2 23. Nxd2 Rd7 24. Qg4 Rfd8 25. Bg2 Rc7 26. Be4 g6 27. h4 h5 28.
Qf4 Kg7 29. Nf3 Bb7 30. Ng5 Bxg5 31. Qxg5 Ne7 32. Nf4 Kf8 33. Qh6+ Ke8 34. Bd3
Rc5 35. Rcd1 Qc7 36. b4 Rcd5 37. Nxd5 Rxd5 38. Be4 Nf5 39. Bxf5 gxf5 40. Qxh5
Rd8 41. Qe2 Qc6 42. f3 Qxf3 43. Qxf3 Bxf3 44. Rd3 Be4 45. Rd2 f6 46. exf6 Kf7
47. c3 d3 48. Kf2 Kxf6 49. Ke3 b5 50. Rf2 Ke5 51. Kd2 Kd5 52. g4 Rh8 53. gxf5
exf5 54. Rh2 Rh6 55. Rg1 Ra6 56. Ra1 f4 57. h5 Bh7 58. h6 f3 59. Rh5+ Ke4 60.
Rh4+ Kf5 61. Rg1 Rxa3 62. Rg7 f2 63. Rh1 Bg6 64. Kxd3 Kf6+ 65. Kd4 Ra2 66. Ke3
Rc2 67. Rxa7 Rxc3+ 68. Kxf2 Rc8 69. h7 Rh8 70. Ke3 Ke5 71. Rb7 Kd5 72. Rxb5+ Kc4
73. Rb7 Kd5 1-0

[Event "Olimpiade 2014 - Open"]
[Site "Tromsø"]
[Date "04.08.2014"]
[Round "3.23"]
[Board "3"]
[White "Krupenski, Juri"]
[Black "Hernandez Guerrero, Gilberto"]
[Result "0-1"]
[WhiteTitle "FM"]
[BlackTitle "GM"]
[WhiteElo "2277"]
[BlackElo "2519"]
[WhiteTeam "Estonia"]
[BlackTeam "Mexico"]
[WhiteFideId "4501101"]
[BlackFideId "5100011"]
[EventDate "2014.08.02"]

1. c4 e5 2. Nc3 Nc6 3. g3 g6 4. Bg2 Bg7 5. Nf3 d6 6. d3 f5 7. O-O Nf6 8. Bg5 h6
9. Bxf6 Qxf6 10. Rb1 Qf7 11. Nd2 O-O 12. b4 Kh8 13. b5 Nd4 14. a4 g5 15. a5 Rb8
16. e3 Ne6 17. Nd5 Nc5 18. Nb3 f4 19. Nxc5 dxc5 20. Bf3 Bh3 21. Bh5 Qd7 22. Re1
Rbd8 23. Bg6 fxg3 24. fxg3 e4 25. Qd2 c6 26. bxc6 bxc6 27. Nc3 exd3 28. a6 Qd6
29. Be4 Be5 30. Bg2 Bxg2 31. Kxg2 Qe6 32. Ne4 Qxc4 33. Nf2 Bc3 0-1

[Event "Olimpiade 2014 - Open"]
[Site "Tromsø"]
[Date "04.08.2014"]
[Round "3.23"]
[Board "4"]
[White "Ibarra Chami, Luis Fernando"]
[Black "Jezov, Roman"]
[Result "1-0"]
[WhiteTitle "IM"]
[WhiteElo "2467"]
[BlackElo "2239"]
[WhiteTeam "Mexico"]
[BlackTeam "Estonia"]
[WhiteFideId "5105048"]
[BlackFideId "4502078"]
[EventDate "2014.08.02"]

1. d4 Nf6 2. c4 c5 3. d5 e6 4. Nc3 exd5 5. cxd5 d6 6. e4 g6 7. f4 Bg7 8. Bb5+
Nfd7 9. Bd3 O-O 10. Nf3 Re8 11. O-O Qe7 12. Re1 a6 13. a4 b6 14. Be3 Bb7 15. Bf2
Nf6 16. e5 Nxd5 17. exd6 Qd7 18. Rxe8+ Qxe8 19. Nxd5 Bxd5 20. Bxg6 Qc6 21. Bf5
Bf8 22. Ne5 Qxd6 23. Qg4+ Bg7 24. Rd1 Nc6 25. Nc4 Qd8 26. Bh4 Ne7 27. Be4 b5 28.
Rxd5 1-0

[Event "Olimpiade 2014 - Open"]
[Site "Tromsø"]
[Date "04.08.2014"]
[Round "3.24"]
[Board "2"]
[White "Cubas, Jose Fernando"]
[Black "Collutiis, Duilio"]
[Result "0-1"]
[WhiteTitle "GM"]
[BlackTitle "IM"]
[WhiteElo "2455"]
[BlackElo "2463"]
[WhiteTeam "Paraguay"]
[BlackTeam "ICCD"]
[WhiteFideId "3700267"]
[BlackFideId "805475"]
[EventDate "2014.08.02"]

1. e4 c5 2. Nf3 Nc6 3. d4 cxd4 4. Nxd4 Qc7 5. Nc3 e6 6. Be3 a6 7. Bd3 Nf6 8. Qe2
Be7 9. O-O-O b5 10. g4 Ne5 11. f3 d6 12. Kb1 O-O 13. g5 Nfd7 14. Rdg1 Nc5 15. h4
Bb7 16. h5 b4 17. Nd1 d5 18. g6 dxe4 19. gxh7+ Kh8 20. Bxe4 Nxe4 21. fxe4 Bf6
22. Bg5 Qe7 23. Bxf6 Qxf6 24. Rf1 Qd8 25. Nf3 Nxf3 26. Rxf3 f5 27. Rg1 Bxe4 28.
Rfg3 Rc8 29. h6 g5 30. Rxg5 Kxh7 31. Rg7+ Kh8 32. h7 Bxc2+ 33. Ka1 Qxd1+ 34.
Rxd1 Bxd1 35. Qxd1 Kxg7 36. a3 bxa3 37. Qd7+ Kf6 38. Qd4+ Kg6 39. bxa3 Rh8 40.
Qg1+ Kxh7 41. Qh2+ Kg6 42. Qg1+ Kh7 43. Qa7+ Kg8 44. Qxa6 Re8 45. Qc4 Kf7 46. a4
Re7 47. Kb2 Rb7+ 48. Kc3 Ra7 49. Kd3 Rh3+ 50. Kc2 Ra3 51. Qh4 R3xa4 52. Qh7+ Kf6
53. Qh8+ Ke7 54. Qg7+ Kd6 55. Qf8+ Re7 56. Qb8+ Rc7+ 57. Kd3 Ra3+ 58. Kd2 Ra7
59. Ke3 Ke7 60. Qb4+ Kf7 61. Kf4 Ra2 62. Qb5 Rac2 63. Kg5 R2c4 64. Qb6 Rd7 65.
Qb5 Rg4+ 66. Kh5 Rdd4 67. Qb7+ Kf6 68. Qg7+ Rxg7 0-1

[Event "Olimpiade 2014 - Open"]
[Site "Tromsø"]
[Date "04.08.2014"]
[Round "3.24"]
[Board "3"]
[White "Klasan, Vladimir"]
[Black "Vazquez, Guillermo"]
[Result "0-1"]
[WhiteTitle "IM"]
[BlackTitle "FM"]
[WhiteElo "2365"]
[BlackElo "2323"]
[WhiteTeam "ICCD"]
[BlackTeam "Paraguay"]
[WhiteFideId "934054"]
[BlackFideId "3702308"]
[EventDate "2014.08.02"]

1. e4 c5 2. Nf3 e6 3. b3 a6 4. Bb2 Nc6 5. g3 d5 6. exd5 exd5 7. Qe2+ Qe7 8.
Qxe7+ Ngxe7 9. a3 Bf5 10. d3 O-O-O 11. Nbd2 f6 12. Bg2 Kb8 13. O-O Ng6 14. Rfe1
Bd6 15. Nf1 d4 16. N1d2 h6 17. Ne4 Bf8 18. Nfd2 Bc8 19. f4 Kc7 20. Nf3 b6 21.
Bc1 Nge7 22. Bd2 Nd5 23. Nh4 Nce7 24. b4 cxb4 25. axb4 g5 26. fxg5 hxg5 27. Nxg5
fxg5 28. Bxg5 Rg8 29. Re5 Rxg5 30. Rxg5 Nxb4 31. Re1 a5 32. Nf3 Nec6 33. Ne5
Nxe5 34. Rgxe5 Bc5 35. R5e2 a4 36. Ra1 b5 37. Bf3 Bd7 38. h4 Rg8 39. Kh2 Bd6 40.
Rg2 Rh8 41. Kg1 Bc6 42. Bxc6 Kxc6 43. Kf2 Nd5 44. Kf3 Rf8+ 45. Ke2 Nc3+ 46. Kd2
a3 47. h5 a2 48. g4 Re8 0-1

[Event "Olimpiade 2014 - Open"]
[Site "Tromsø"]
[Date "04.08.2014"]
[Round "3.24"]
[Board "4"]
[White "Latorre, Matias"]
[Black "Anarkulov, Alisher"]
[Result "1-0"]
[WhiteTitle "FM"]
[WhiteElo "2277"]
[BlackElo "2222"]
[WhiteTeam "Paraguay"]
[BlackTeam "ICCD"]
[WhiteFideId "3701107"]
[BlackFideId "14201038"]
[EventDate "2014.08.02"]

1. d4 g6 2. e4 Bg7 3. Nc3 d6 4. Be3 Nf6 5. Qd2 Ng4 6. Bg5 h6 7. Bh4 c5 8. dxc5
dxc5 9. Qxd8+ Kxd8 10. O-O-O+ Bd7 11. h3 Bxc3 12. hxg4 Bg7 13. Bc4 Ke8 14. f3
Bc6 15. Ne2 Nd7 16. Bd5 Rc8 17. Bf2 Bb5 18. c4 Ba6 19. Bxf7+ Kxf7 20. Rxd7 Rhd8
21. Rhd1 Rxd7 22. Rxd7 Ke8 23. Rd2 Bxc4 24. b3 Ba6 25. Nf4 g5 26. Ne6 Bh8 27.
Bg3 Bf1 28. Nc7+ Kf8 29. Rf2 Bd3 30. Rd2 c4 31. bxc4 Bxc4 32. Rc2 Bf7 33. e5 Kg8
34. a3 Bg6 35. Rc3 e6 36. Kb2 Bf7 37. Nb5 Rxc3 38. Kxc3 a6 39. Nd6 b5 40. Nxf7
Kxf7 41. Kb4 Bg7 42. Ka5 Bf8 43. Kxa6 Bxa3 44. Kxb5 Bc1 45. Kc4 Kg6 46. Kc5 Be3+
47. Kd6 Kf7 48. Bh2 Bd2 49. g3 Bb4+ 50. Kd7 Bc5 51. f4 gxf4 52. gxf4 Ba3 53. Bg3
Bb4 54. Bh4 h5 55. gxh5 Ba3 56. h6 Bc1 57. Bg5 1-0

[Event "Olimpiade 2014 - Open"]
[Site "Tromsø"]
[Date "04.08.2014"]
[Round "3.25"]
[Board "1"]
[White "Banikas, Hristos"]
[Black "Nyback, Tomi"]
[Result "1/2-1/2"]
[WhiteTitle "GM"]
[BlackTitle "GM"]
[WhiteElo "2644"]
[BlackElo "2591"]
[WhiteTeam "Greece"]
[BlackTeam "Finland"]
[WhiteFideId "4202031"]
[BlackFideId "503142"]
[EventDate "2014.08.02"]

1. Nf3 d5 2. d4 Nf6 3. c4 c6 4. Nc3 dxc4 5. a4 Bf5 6. e3 e6 7. Bxc4 Bb4 8. O-O
Nbd7 9. Qe2 Bg6 10. e4 O-O 11. Bd3 Bh5 12. e5 Nd5 13. Nxd5 cxd5 14. Qe3 Re8 15.
Ne1 Bg6 16. Be2 Nb8 17. Bd2 Qa5 18. Bc3 Rc8 19. Rc1 Bxc3 20. bxc3 Nd7 21. h4 h6
22. g4 Nb6 23. h5 Bh7 24. g5 hxg5 25. Qxg5 Nxa4 26. Kh2 Qd8 27. Qg3 Rc7 28. Rg1
Qf8 29. Bb5 Nb2 30. Ng2 Rac8 31. Nf4 1/2-1/2

[Event "Olimpiade 2014 - Open"]
[Site "Tromsø"]
[Date "04.08.2014"]
[Round "3.25"]
[Board "2"]
[White "Agopov, Mikael"]
[Black "Papaioannou, Ioannis"]
[Result "0-1"]
[WhiteTitle "IM"]
[BlackTitle "GM"]
[WhiteElo "2431"]
[BlackElo "2641"]
[WhiteTeam "Finland"]
[BlackTeam "Greece"]
[WhiteFideId "501840"]
[BlackFideId "4201345"]
[EventDate "2014.08.02"]

1. e4 c5 2. Nf3 d6 3. d4 cxd4 4. Nxd4 Nf6 5. Nc3 a6 6. Be3 e5 7. Nb3 Be7 8. f3
Be6 9. Qd2 Nbd7 10. O-O-O Rc8 11. g4 Nb6 12. Kb1 O-O 13. h4 Qc7 14. Qf2 Nc4 15.
Bxc4 Qxc4 16. h5 Nd7 17. Nd5 Bxd5 18. Rxd5 b5 19. Rc1 Nf6 20. Rd3 Qe6 21. Qd2
Rc7 22. Bg5 Rfc8 23. Bxf6 Qxf6 24. c3 Qe6 25. Rd1 h6 26. Qf2 Rb8 27. Na1 b4 28.
cxb4 Rxb4 29. Nc2 Rb5 30. Ne3 Rcb7 31. b3 a5 32. Nd5 a4 33. Qc2 Bg5 34. Rc3 axb3
35. axb3 Ra7 36. Rdd3 Rba5 37. Qb2 Qe8 38. b4 Ra4 39. Nb6 Ra1+ 40. Qxa1 Rxa1+
41. Kxa1 Qb5 42. Nd5 Bh4 43. Rc8+ Kh7 44. Ra3 Qf1+ 45. Ka2 Qe2+ 46. Kb1 Qd1+ 47.
Ka2 Qe2+ 48. Kb1 Qd1+ 49. Rc1 Qe2 50. Rb3 Qb5 51. Nc3 Qd3+ 52. Rc2 Bf2 53. b5
Bb6 54. Rb2 Qf1+ 55. Ka2 Qxf3 56. Na4 Bd4 57. b6 Qxe4 58. Rc4 Qd5 59. Rb4 Bc5
60. Nxc5 dxc5 61. Rb3 Qxc4 62. b7 Qa4+ 63. Kb2 c4 64. Rb6 c3+ 65. Kb1 c2+ 66.
Kc1 Qd4 0-1

[Event "Olimpiade 2014 - Open"]
[Site "Tromsø"]
[Date "04.08.2014"]
[Round "3.25"]
[Board "3"]
[White "Mastrovasilis, Dimitrios"]
[Black "Sipila, Vilka"]
[Result "1-0"]
[WhiteTitle "GM"]
[BlackTitle "IM"]
[WhiteElo "2608"]
[BlackElo "2425"]
[WhiteTeam "Greece"]
[BlackTeam "Finland"]
[WhiteFideId "4202694"]
[BlackFideId "505455"]
[EventDate "2014.08.02"]

1. e4 c6 2. d4 d5 3. e5 Bf5 4. c4 e6 5. Nc3 Ne7 6. Nge2 dxc4 7. Ng3 b5 8. a4 b4
9. Nce4 Bxe4 10. Nxe4 Nf5 11. Be3 Nd7 12. Bxc4 Be7 13. O-O O-O 14. Ba2 Qa5 15.
Bg5 Qd8 16. g4 Bxg5 17. gxf5 exf5 18. Nd6 Nb6 19. Qc2 Be7 20. Nxf5 Rc8 21. Rad1
g6 22. Ne3 Kh8 23. f4 Qe8 24. a5 Na8 25. f5 f6 26. Rf3 fxe5 27. dxe5 Bg5 28. e6
Nc7 29. Nc4 Rd8 30. Nd6 Rxd6 31. Rxd6 gxf5 32. Qxc6 Qh5 33. Rdd3 Rg8 34. Kh1 Ne8
35. e7 Rg7 36. Rxf5 h6 37. Rf8+ Kh7 38. Qe4+ Rg6 39. Bf7 Qh3 40. Qxg6# 1-0

[Event "Olimpiade 2014 - Open"]
[Site "Tromsø"]
[Date "04.08.2014"]
[Round "3.25"]
[Board "4"]
[White "Ebeling, Daniel"]
[Black "Halkias, Stelios"]
[Result "1-0"]
[WhiteTitle "FM"]
[BlackTitle "GM"]
[WhiteElo "2445"]
[BlackElo "2544"]
[WhiteTeam "Finland"]
[BlackTeam "Greece"]
[WhiteFideId "505170"]
[BlackFideId "4201809"]
[EventDate "2014.08.02"]

1. e4 e5 2. Nf3 Nc6 3. Nc3 Nf6 4. Bb5 Bd6 5. a3 a6 6. Bc4 Bc5 7. d3 h6 8. Be3 d6
9. Bxc5 dxc5 10. h3 Qd6 11. O-O O-O 12. Ne2 Be6 13. Nd2 Nh5 14. Rb1 Nf4 15. Bxe6
fxe6 16. Nc4 Qe7 17. Kh2 Rad8 18. Ne3 b5 19. b3 Qg5 20. Ng1 Nd4 21. g3 h5 22.
gxf4 exf4 23. Ng2 f3 24. Ne1 Qf4+ 25. Kh1 b4 26. axb4 cxb4 27. Qc1 Qh4 28. Qe3
g5 29. Nexf3 Nxf3 30. Nxf3 Qxh3+ 31. Nh2 Qh4 32. Qg3 Qxg3 33. fxg3 g4 34. Rxf8+
Kxf8 35. Kg2 Ke7 36. Ra1 Kd6 37. Rxa6+ Kc5 38. Rxe6 Kd4 39. Rc6 Ke3 40. e5 Rd5
41. Nf1+ Ke2 42. Rc4 Rd8 43. e6 c5 44. e7 1-0